000 00321nam a22001457a 4500
003 SGT
020 _a978-93-272-6961-1
082 _a581.2
_bP19K
100 _aYADAV , MANOJ KUMAR
245 _aPLANTS PATHOLOGY
260 _aDELHI
_bKALYANI
_c2019
300 _a307
650 _aPLANT PATHOLOGY
942 _2ddc
_cBK
_07
999 _c17014
_d17014